| 000 | 01815cam a22003614a 4500 | ||
|---|---|---|---|
| 001 | 16552443 | ||
| 003 | Nust- CAS-E | ||
| 005 | 20180118181357.0 | ||
| 008 | 101124s2011 njua b 001 0 eng | ||
| 010 | _a 2010045226 | ||
| 020 | _a9780470593653 | ||
| 020 | _a9781118029008 | ||
| 020 | _a9781118028995 | ||
| 020 | _a9781118028988 | ||
| 035 | _a(OCoLC)ocn676726336 | ||
| 040 |
_aDLC _cDLC _dYDX _dBTCTA _dYDXCP _dBWX _dCDX _dDLC |
||
| 042 | _apcc | ||
| 050 | 0 | 0 |
_aTK1541 _b.P685 2011 |
| 082 | 0 | 0 |
_a621.312136 _222 _bPOW 2011 |
| 084 |
_aTEC031000 _2bisacsh |
||
| 245 | 0 | 0 |
_aPower conversion and control of wind energy systems / _cBin Wu ... [et al.]. |
| 260 |
_aPiscataway, NJ : _bIEEE Press ; _aHoboken, N.J. : _bWiley, _cc2011. |
||
| 300 |
_axxiv, 453 p. : _bill. ; _c25 cm. |
||
| 490 | 1 |
_aIEEE Press series on power engineering _v29 |
|
| 504 | _aIncludes bibliographical references and index. | ||
| 520 | _a"The book covers a wide range of topics on wind energy conversion and control from the electrical engineering aspect. It includes wind generators and modeling, power converters and modulation schemes, operating principle of fixed and variable speed wind turbines, advanced generator control schemes, active and reactive power controls of individual wind and is a valuable reference book for academic researchers, practicing engineers, and other professionals. The book can also be used as a textbook for graduate level and final year undergraduate-level courses"-- | ||
| 650 | 0 | _aWind energy conversion systems. | |
| 700 | 1 |
_aWu, B. _q(Bin), _d1957- |
|
| 830 | 0 | _aIEEE Press series on power engineering. | |
| 906 |
_a7 _bcbc _corignew _d1 _eecip _f20 _gy-gencatlg |
||
| 942 |
_2ddc _cBK |
||
| 999 |
_c355322 _d355322 |
||